000 00790nam a22002774a 4500
001 UByD003723
003 AR-LpoUNG
005 20260109122015.0
008 250219s2016 ag c 000 1 spa d
020 _a9789877471281
040 _aAR-LpoUNG
_bspa
_cAR-LpoUNG
_eaacr
041 1 _aspa
082 0 _a808.068 3 292had
100 1 _aRebouças, Thalita
245 1 3 _aUn hada me vino a visitar
250 _a1ra. ed.
260 _aBuenos Aires :
_bV & R,
_c2016.
300 _a171 p.
505 0 _a Sugerido a partir de 12 años (etiqueta FUCSIA).
650 4 _aLiteratura
650 4 _aNarrativa
653 0 _aLiteratura infantojuvenil
700 1 _aDritsos, Georgina
_etr.
942 _2ddc
_cLIB
999 _c66413
_d66413